000 00457nam a2200145 i 4500
001 bg
100 1 _aSZYMSKI, Adam
245 0 _aWprowadzenie do projektowania systemowego w architekturze i urbanistyce /
_cAdam Szymski.
260 _aWarszawa,
_c1984.
040 _cBPK
041 _apol
942 _cKS
008 s pl f |000 0 pol
856 _uhttp://koha.tu.koszalin.pl/cgi-bin/koha/opac-detail.pl?biblionumber=2320
_yKatalog online BPK
999 _c2320
_d2320